=LDR 00000nam 2200000 4500 =001 NUTBA000000000005228 =005 20141027094348.0 =006 =007 =008 =020 ##$$a 978-979-050-277-2 =035 ##$$a 0010-101400000000458 =040 ##$$a NBPDMAT =090 ##$$a R. 912. 598 36 $b Mah a =100 ##$$a Mahyuzar =245 ##$$a Atlas tematik provinsi Kalimantan Selatan/ $c Mahyuzar dkk =260 ##$$a Jakarta : $b Bina Sumber Daya Mipa, $c 2011 =300 ##$$a 52 hlm. : $b ilus. ; $c 29cm. =650 ##$$a Atlas Tematik Kalimantan Selatan =850 ##$$a NBPDMAT